00991nam a2200241Ia 4500001000600000003000900006008004100015040001300056040001300069041001300082100002700095100002900122245008900151245009700240250001100337260001100348260001100359260004900370300005900419500020800478650003200686650003100718F6087IT-RoPAU130308s9999 xx 000 0 und d aIT-RoPAU cIT-RoPAU aITALIANO aAndrade-Watkins Claire gCodice Aut. SPICS: 51965 aPer un pugno di franchi: il bureau du cinema della cooperazione francese (1961-1977) bNascita del Cinema in Africa (La). Il Cinema dell'Africa Sub-Sahariana Dalle Origini al 1975 a1a ed. aTORINO bLindau c1998 [1° Ed.:1998 - Ed.Ling.Originale:1990] a"14 p. (prefazione: no ; testo: 14 [pagine: 141-154])" aExcursus Storico 1961 1977. Amministrazione del bureau Du Cinema e Suoi Anni D'Oro: 1969 1977. Assistenza Tecnica al Cinema Africano: Esperimenti e Limiti. nodo Cruciale del Montaggio. Estetica Africana. aSTORIA NAZIONALE DEL CINEMA eCodice materia Spics: 6809